|
|
|
|
| LEADER |
01310nam a2200301 4500 |
| 001 |
41224 |
| 003 |
BD-DhAAL |
| 008 |
230522t1974 maua 001 0 eng d |
| 010 |
|
|
|a 73018347
|
| 020 |
|
|
|a 0316287008
|
| 040 |
|
|
|a DLC
|b eng
|c DLC
|d DLC
|d BD-DhAAL
|
| 043 |
|
|
|a n-us---
|
| 082 |
0 |
0 |
|a 331.117340973
|
| 100 |
1 |
|
|a Fogel, Robert William.
|
| 245 |
1 |
0 |
|a Time on the cross;
|b the economics of American Negro slavery,
|c by Robert William Fogel and Stanley L. Engerman.
|
| 250 |
|
|
|a First edition.
|
| 260 |
|
|
|a Boston :
|b Little, Brown,
|c c1974.
|
| 300 |
|
|
|a xi, 267 pages
|b illustrations ;
|c 22 cm.
|
| 500 |
|
|
|a Supplemented by: "Evidence and methods, a supplement" (xi, 267 p. : ill. ; 22 cm.) published: Boston : Little, Brown, 1974. Call number: E449.F65 Suppl.
|
| 541 |
|
|
|a Donated By Akbar Ali Khan
|e 41224
|
| 650 |
|
0 |
|a Slavery
|x Economic aspects
|z United States.
|9 46849
|
| 650 |
|
0 |
|a Slavery
|z United States
|x Econometric models.
|9 46850
|
| 650 |
|
0 |
|a Economics.
|
| 700 |
1 |
|
|a Engerman, Stanley L.,
|e joint author.
|
| 852 |
|
|
|a Ayesha Abed Library
|c Akbar Ali Khan Collection
|
| 942 |
|
|
|2 ddc
|c BK
|
| 999 |
|
|
|c 45795
|d 45795
|
| 952 |
|
|
|0 0
|1 0
|2 ddc
|4 0
|6 331_117340973000000_FOG
|7 1
|9 73674
|a BRACUL
|b BRACUL
|c AAKC
|d 2023-05-22
|e Donated By Akbar Ali Khan
|l 0
|o 331.117340973 FOG
|p 3010041224
|r 2023-05-22
|t 1
|w 2023-05-22
|y BK
|